[Event "Ostrava Konik op"]
[Site "Ostrava"]
[Date "2014.05.02"]
[Round "7"]
[White "Snasel, Michal"]
[Black "Vyvial, Patrik"]
[Result "1-0"]
[WhiteElo "1726"]
[BlackElo "1323"]
[PlyCount "79"]
[EventDate "2014.04.26"]
[EventType "swiss"]
[EventRounds "9"]
[EventCountry "CZE"]
[SourceTitle "CBM 160 Extra"]
[Source "ChessBase"]
[SourceDate "2014.07.01"]
[SourceVersion "1"]
[SourceVersionDate "2014.07.01"]
[SourceQuality "1"]

1. e4 d5 2. Nc3 d4 3. Nce2 e5 4. Ng3 Nf6 5. Bc4 Nc6 6. a3 Be7 7. d3 0-0 8. Nf3 Bg4 9. 0-0 Qd7 10. Qe2 Rad8 11. h3 Be6 12. Bb5 Qd6 13. Nh2 a6 14. Bxc6 Qxc6 15. f4 Qc5 16. f5 Bd7 17. Ng4 Rfe8 18. Kh2 Kh8 19. Rf2 Ba4 20. Nf1 Nxg4+ 21. hxg4 Bh4 22. g3 Be7 23. g5 Rd6 24. b3 Qc3 25. Rb1 Bd7 26. Bb2 Qa5 27. Nd2 b5 28. Nf3 f6 29. g6 h6 30. Rh1 Rc6 31. Kg2 Rb8 32. Bc1 Bf8 33. Ne1 Qc3 34. Bd2 Qb2 35. Rxh6+ gxh6 36. Qh5 Bg7 37. Bxh6 Qxa3 38. Bxg7+ Kxg7 39. Qh7+ Kf8 40. Qf7# 1-0

[Event "Ostrava Konik op"]
[Site "Ostrava"]
[Date "2014.05.01"]
[Round "6"]
[White "Vyvial, Patrik"]
[Black "Gresova, Zuzana"]
[Result "1-0"]
[WhiteElo "1323"]
[BlackElo "1550"]
[PlyCount "103"]
[EventDate "2014.04.26"]
[EventType "swiss"]
[EventRounds "9"]
[EventCountry "CZE"]
[SourceTitle "CBM 160 Extra"]
[Source "ChessBase"]
[SourceDate "2014.07.01"]
[SourceVersion "1"]
[SourceVersionDate "2014.07.01"]
[SourceQuality "1"]

1. d4 d5 2. Bg5 c6 3. Nc3 Bf5 4. e3 Nd7 5. Bd3 Bg6 6. Nf3 Ngf6 7. Qd2 e6 8. 0-0 Qc7 9. Rfe1 Bd6 10. e4 dxe4 11. Bxe4 0-0-0 12. a3 Bxe4 13. Nxe4 Nxe4 14. Rxe4 f6 15. Bf4 Bxf4 16. Qxf4 Qxf4 17. Rxf4 Rhe8 18. Re1 e5 19. dxe5 Nxe5 20. Nxe5 Rxe5 21. Kf1 Rde8 22. Rxe5 Rxe5 23. Rh4 h5 24. Ra4 a6 25. f3 Kc7 26. Re4 Kd6 27. Ke2 f5 28. Rxe5 Kxe5 29. Ke3 g5 30. h3 c5 31. g3 c4 32. f4+ gxf4+ 33. gxf4+ Kd5 34. h4 c3 35. b3 b6 36. Kd3 a5 37. a4 b5 38. axb5 Kc5 39. Kxc3 Kxb5 40. Kd4 Kb4 41. Kd3 Kb5 42. c3 Kc5 43. b4+ axb4 44. cxb4+ Kxb4 45. Kd4 Kb5 46. Ke5 Kc5 47. Kxf5 Kd5 48. Kf6 Ke4 49. Kg5 Kd5 50. f5 Ke5 51. f6 Ke6 52. Kg6 1-0

[Event "Ostrava Konik op"]
[Site "Ostrava"]
[Date "2014.04.28"]
[Round "3"]
[White "Vyvial, Patrik"]
[Black "Zizka, Radim"]
[Result "0-1"]
[WhiteElo "1323"]
[BlackElo "1687"]
[PlyCount "116"]
[EventDate "2014.04.26"]
[EventType "swiss"]
[EventRounds "9"]
[EventCountry "CZE"]
[SourceTitle "CBM 160 Extra"]
[Source "ChessBase"]
[SourceDate "2014.07.01"]
[SourceVersion "1"]
[SourceVersionDate "2014.07.01"]
[SourceQuality "1"]

1. e4 e5 2. Nf3 Nc6 3. Nc3 Nf6 4. d4 Bb4 5. Bg5 d6 6. dxe5 Bxc3+ 7. bxc3 dxe5 8. Qxd8+ Kxd8 9. Bxf6+ gxf6 10. Rd1+ Ke7 11. Bb5 Bd7 12. 0-0 a6 13. Bc4 Be6 14. Bb3 Rhd8 15. Rfe1 Rd6 16. Rxd6 cxd6 17. Rd1 Rc8 18. Bd5 Bxd5 19. Rxd5 Na7 20. Nh4 Rc6 21. Nf5+ Kd7 22. a4 Nc8 23. Rd3 Ne7 24. Nh6 Ke6 25. Kf1 Rc4 26. f3 Rxa4 27. Ng4 Rc4 28. Ne3 Rc8 29. c4 Rc5 30. Ke2 b5 31. Ra3 Rc6 32. Nd5 bxc4 33. Nb4 Rb6 34. Nxa6 Kd7 35. c3 Nc6 36. Ra4 Rb2+ 37. Kf1 Rb6 38. Nb4 Nxb4 39. Rxb4 Rxb4 40. cxb4 Kc6 41. Ke1 Kb5 42. Kd2 Kxb4 43. Kc2 c3 44. g4 Kc4 45. h3 Kd4 46. h4 h6 47. f4 exf4 48. e5 dxe5 49. g5 fxg5 50. hxg5 hxg5 51. Kd1 Kd3 52. Ke1 c2 53. Kf2 g4 54. Kg2 Ke3 55. Kg1 c1Q+ 56. Kh2 Qd2+ 57. Kg1 Kf3 58. Kh1 Qg2# 0-1

[Event "CZE-ch U10"]
[Site "Kouty nad Desnou"]
[Date "2013.03.16"]
[Round "9"]
[White "Vojta, Jakub"]
[Black "Vyvial, Patrik"]
[Result "1-0"]
[WhiteElo "1250"]
[BlackElo "1250"]
[PlyCount "59"]
[EventDate "2013.03.09"]
[EventType "swiss"]
[EventRounds "9"]
[EventCountry "CZE"]
[SourceTitle "EXT 2015"]
[Source "ChessBase"]
[SourceDate "2014.11.20"]
[SourceVersion "1"]
[SourceVersionDate "2014.11.20"]
[SourceQuality "1"]

1. e4 e6 2. d4 d5 3. exd5 exd5 4. Nf3 c5 5. Be3 Qb6 6. Qe2 Bd7 7. dxc5 Bxc5 8. Bxc5+ Qe6 9. Be3 Nc6 10. Nbd2 Nge7 11. g3 0-0 12. Bg2 Qg6 13. c3 Rfe8 14. 0-0 Bf5 15. Qd1 Bd3 16. Re1 Nf5 17. Nb3 Bc4 18. Bd2 b6 19. Qc2 Rad8 20. Rxe8+ Rxe8 21. Re1 Rxe1+ 22. Nxe1 h6 23. Bh3 Nh4 24. Qd1 Nf3+ 25. Qxf3 Ne5 26. Qd1 d4 27. Bg2 Qf5 28. Nxd4 Qf6 29. b3 Bb5 30. Nxb5 1-0

[Event "CZE-ch U10"]
[Site "Kouty nad Desnou"]
[Date "2012.03.16"]
[Round "8"]
[White "Vyvial, Patrik"]
[Black "Koci, Vit"]
[Result "1-0"]
[WhiteElo "1100"]
[BlackElo "1250"]
[PlyCount "57"]
[EventDate "2012.03.10"]
[EventType "swiss"]
[EventRounds "9"]
[EventCountry "CZE"]
[SourceTitle "EXT 2013"]
[Source "ChessBase"]
[SourceDate "2012.11.22"]
[SourceVersion "1"]
[SourceVersionDate "2012.11.22"]
[SourceQuality "1"]

1. e4 e6 2. d4 d5 3. Nc3 c5 4. Nf3 Nc6 5. e5 Bd7 6. Be3 Qb6 7. Rb1 f6 8. exf6 Nxf6 9. Be2 Be7 10. 0-0 cxd4 11. Nxd4 0-0 12. Nxe6 d4 13. Nxd4 Bc5 14. Na4 Qa5 15. Nxc5 Qxc5 16. Ne6 Qe7 17. Nxf8 Rxf8 18. Re1 Qf7 19. b3 Ne4 20. Bc4 Be6 21. Bxe6 Qxe6 22. Qd3 Kh8 23. Bc5 Re8 24. f3 Qf5 25. Rxe4 Qxc5+ 26. Kh1 Rd8 27. Qxd8+ Nxd8 28. Re8+ Qf8 29. Rxf8# 1-0

[Event "CZE-ch U10"]
[Site "Kouty nad Desnou"]
[Date "2012.03.12"]
[Round "3"]
[White "Kudelasek, Dalibor"]
[Black "Vyvial, Patrik"]
[Result "1-0"]
[WhiteElo "1250"]
[BlackElo "1100"]
[PlyCount "75"]
[EventDate "2012.03.10"]
[EventType "swiss"]
[EventRounds "9"]
[EventCountry "CZE"]
[SourceTitle "EXT 2013"]
[Source "ChessBase"]
[SourceDate "2012.11.22"]
[SourceVersion "1"]
[SourceVersionDate "2012.11.22"]
[SourceQuality "1"]

1. e4 e6 2. d4 d5 3. Nc3 Nf6 4. Bd3 h6 5. Nf3 c5 6. Bf4 Be7 7. e5 Nfd7 8. 0-0 Nc6 9. Bb5 a6 10. Bxc6 bxc6 11. b4 c4 12. a4 Bxb4 13. Bd2 0-0 14. Ne2 Bxd2 15. Qxd2 f6 16. Rab1 fxe5 17. dxe5 Nc5 18. Nfd4 Qc7 19. Qb4 Nd7 20. Nxe6 Qxe5 21. Nxf8 Nxf8 22. Rfe1 Bd7 23. Ng3 Qg5 24. Qe7 Qd2 25. Nh5 Qg5 26. Qxg5 hxg5 27. Re7 Ne6 28. Re1 Kh7 29. Rxd7 Rb8 30. h3 Kg6 31. Rxe6+ Kxh5 32. g4+ Kh4 33. Kg2 Rh8 34. Ree7 Rf8 35. Rf7 Rh8 36. Rxg7 c3 37. Rh7+ Rxh7 38. Rxh7# 1-0

[Event "CZE-ch U10"]
[Site "Kouty nad Desnou"]
[Date "2012.03.12"]
[Round "4"]
[White "Vyvial, Patrik"]
[Black "Randak, Richard"]
[Result "0-1"]
[WhiteElo "1100"]
[BlackElo "1250"]
[PlyCount "136"]
[EventDate "2012.03.10"]
[EventType "swiss"]
[EventRounds "9"]
[EventCountry "CZE"]
[SourceTitle "EXT 2013"]
[Source "ChessBase"]
[SourceDate "2012.11.22"]
[SourceVersion "1"]
[SourceVersionDate "2012.11.22"]
[SourceQuality "1"]

1. e4 c5 2. Nf3 Nc6 3. Bb5 g6 4. Bxc6 bxc6 5. d4 Bg7 6. dxc5 Qa5+ 7. Bd2 Qxc5 8. Nc3 d6 9. h3 Nf6 10. Qe2 Qb6 11. Be3 Qxb2 12. Kd2 Nxe4+ 13. Nxe4 Qb4+ 14. c3 Qb2+ 15. Ke1 Qxa1+ 16. Qd1 Qxd1+ 17. Kxd1 0-0 18. g4 c5 19. Rg1 Bb7 20. Ned2 Bxc3 21. Ne1 Bd5 22. a4 Kg7 23. Kc2 Bxd2 24. Kxd2 Rab8 25. Kc3 Rb3+ 26. Kd2 Ra3 27. h4 Rxa4 28. h5 Rb4 29. f4 e6 30. f5 exf5 31. gxf5 Rbb8 32. Bg5 Rfe8 33. h6+ Kf8 34. Bf4 Red8 35. Nd3 Ra8 36. Rg5 a5 37. f6 Bc6 38. Kc3 a4 39. Kb2 a3+ 40. Ka2 Bb5 41. Nf2 Bc4+ 42. Ka1 Ke8 43. Ne4 Ra6 44. Nc3 Kd7 45. Nd5 Bxd5 46. Rxd5 Ke6 47. Rd1 Kxf6 48. Rg1 Kf5 49. Bc1 f6 50. Rf1+ Ke6 51. Re1+ Kf7 52. Rf1 d5 53. Bg5 Rdd6 54. Ka2 Ke7 55. Re1+ Re6 56. Rxe6+ Kxe6 57. Bc1 Rb6 58. Bxa3 c4 59. Bb2 Kf5 60. Kb1 c3 61. Ka1 cxb2+ 62. Kb1 Kg5 63. Kc2 b1Q+ 64. Kc3 Rc6+ 65. Kd4 Qd1+ 66. Ke3 Re6+ 67. Kf2 Qd2+ 68. Kf3 Re3# 0-1